Young's Bible dictionary / (Record no. 10003)

MARC details
000 -LEADER
fixed length control field 00737nam a2200229 4500
001 - CONTROL NUMBER
control field 11636580
003 - CONTROL NUMBER IDENTIFIER
control field GBCCL
005 - DATE AND TIME OF LATEST TRANSACTION
control field 20241126110723.0
008 - FIXED-LENGTH DATA ELEMENTS--GENERAL INFORMATION
fixed length control field 00026401984 ilub d 000 0 eng
010 ## -
-- 84050304
040 ## - CATALOGING SOURCE
Original cataloging agency DLC
Transcribing agency DLC
Modifying agency ATH
050 0# -
-- BS440
-- .Y73 1984
082 ## - DEWEY DECIMAL CLASSIFICATION NUMBER
Classification number 220.3
Item number YOU
245 00 - TITLE STATEMENT
Title Young's Bible dictionary /
Statement of responsibility, etc. G. Douglas Young, general editor, George Giacumakis, Jr., associate editor.
260 ## - PUBLICATION, DISTRIBUTION, ETC.
Place of publication, distribution, etc. Wheaton, Ill. :
Name of publisher, distributor, etc. Tyndale House Publishers,
Date of publication, distribution, etc. c1984.
300 ## - PHYSICAL DESCRIPTION
Extent 640 p. :
Other physical details col. map. ;
Dimensions 24 cm.
500 ## - GENERAL NOTE
General note Map in pocket.
630 00 - SUBJECT ADDED ENTRY--UNIFORM TITLE
Uniform title Bible
General subdivision Dictionaries.
9 (RLIN) 510
700 1# - ADDED ENTRY--PERSONAL NAME
Personal name Young, G. Douglas
Fuller form of name (George Douglas),
Dates associated with a name 1910-1980.
9 (RLIN) 17398
700 1# - ADDED ENTRY--PERSONAL NAME
Personal name Giacumakis, George.
9 (RLIN) 17399
942 ## - ADDED ENTRY ELEMENTS (KOHA)
Source of classification or shelving scheme Dewey Decimal Classification
Koha item type Reference Books
Holdings
Withdrawn status Lost status Source of classification or shelving scheme Damaged status Not for loan Home library Current Library Shelving location Date acquired Total checkouts Full call number Barcode Date last seen Copy number Price effective from Koha item type
    Dewey Decimal Classification     GRACE BIBLE COLLEGE GRACE BIBLE COLLEGE Dictionary 2024-01-15   220.3 YOU 016439 2025-05-01 c.1 2024-01-15 Reference Books
© Grace Bible College Library 2025